00000000nam 2200000za 4500
0019.675573
003CaOODSP
00520250114090424
007cr |||||||||||
008150407|2011||||xxc|||||o    f|0| 0 spa d
040 |aCaOODSP|beng
043 |an-cn---
0861 |aA15-11516/2011Spa-PDF|zA15-11516/2011Sp-PDF
1101 |aCanada. |bAgriculture and Agri-Food Canada.
24510|a[Canadian cranberries : |h[electronic resource]|ba tart treasure].
2461 |aArándano rojo canadiense - un tesoro de sabor acidulado
250 |a[Spanish edition].
260 |aOttawa - Ontario : |bAgriculture and Agri-Food Canada |cc2011.
300 |a2p.|bphotographs
500 |aIssued also in English under title: Canadian cranberries: a tart treasure.
546 |aText in Spanish.
590 |a11-42|b2011-10-21
69007|aAgri-food industry|2gcpds
77508|tCanadian cranberries : |w(CaOODSP)9.695117
792 |t[Canneberge canadienne : |efre|w(CaOODSP)9.675574
85640|ahttp://publications.gc.ca|qPDF|s374 KB|uhttps://publications.gc.ca/collections/collection_2011/agr/A15-11516-2011-spa.pdf
986 |aAAFC No. 11516S